| 000 | 02074cam a2200385 i 4500 | ||
|---|---|---|---|
| 999 |
_c23415 _d23415 |
||
| 001 | 18806485 | ||
| 003 | OSt | ||
| 005 | 20201012105815.0 | ||
| 008 | 151005t20162016vauab b 000 0aeng d | ||
| 020 | _a9789380081571 | ||
| 040 | _coclc | ||
| 082 | 0 | 4 |
_a956.9405092 _bPEL/G |
| 100 |
_aPeled, Miko _eauthor. _92018 |
||
| 245 | 1 | 4 |
_aGeneralinte Maghan = The General's son : _bjourney of an Israeli in Palestine / _cMiko Peled ; with a foreword by Alice Walker. |
| 246 | 3 | 0 | _aJourney of an Israeli in Palestine |
| 250 | _aSecond edition. | ||
| 264 | 1 |
_aKozhikode: _bOther Books, _c2016. |
|
| 264 | 4 | _c©2016 | |
| 300 | _a315p | ||
| 336 |
_atext _btxt _2rdacontent |
||
| 337 |
_aunmediated _bn _2rdamedia |
||
| 338 |
_avolume _bnc _2rdacarrier |
||
| 520 | _a"A powerful account, by Israeli peace activist Miko Peled, of his transformation from a young man who'd grown up in the heart of Israel's elite and served proudly in its military into a fearless advocate of nonviolent struggle and equal rights for all Palestinians and Israelis. His journey is mirrored in many ways the transformation his father, a much-decorated Israeli general, had undergone three decades earlier. Alice Walker contributed a foreword to the first edition in which she wrote, "There are few books on the Israel/Palestine issue that seem as hopeful to me as this one." In the new Epilogue he takes readers to South Africa, East Asia, several European countries, and the West Bank, Gaza, and Israel itself."--Amazon.com. | ||
| 600 | 1 | 0 | _aPeled, Miko. |
| 650 | 0 |
_aChildren of military personnel _zIsrael _vBiography. |
|
| 650 | 0 |
_aPacifists _zIsrael _vBiography. |
|
| 650 | 0 | _aArab-Israeli conflict. | |
| 650 | 7 |
_aBIOGRAPHY & AUTOBIOGRAPHY / Political. _2bisacsh |
|
| 650 | 7 |
_aHISTORY / Middle East / Israel. _2bisacsh |
|
| 650 | 7 |
_aPOLITICAL SCIENCE / Peace. _2bisacsh |
|
| 655 | 4 | _aAutobiographies. | |
| 655 | 7 |
_aAutobiographies. _2lcgft |
|
| 700 | 1 |
_aWalker , Alice _d1944- _ewriter of foreword. _92044 |
|
| 942 |
_2ddc _cBK _h956.9405092 _iPEL/G _k956.9405092 _mPEL/G |
||